|
|
|
|
| LEADER |
00000nam a2200000 a 4500 |
| 001 |
vtls001376525 |
| 003 |
SK-MaSNL |
| 005 |
20260301161247.0 |
| 008 |
240318s1999 xo ap r yy slo |
| 015 |
|
|
|a SNBA2000/01-00052
|
| 020 |
|
|
|a 8022808253
|
| 035 |
|
|
|a SNK000330457
|
| 035 |
|
|
|a urn:nbn:sk:snk-amtka9
|
| 035 |
|
|
|a urn:nbn:sk:snk-am00c7hz
|
| 035 |
|
|
|a 14E06336-FB67-437E-AE88-EF155290E6A3
|
| 040 |
|
|
|a SNK
|b slo
|c SNK
|e AACR2
|
| 041 |
0 |
|
|a slo
|
| 044 |
|
|
|a xo
|c SK
|
| 080 |
|
|
|a 630*9:681.32(075.4)
|2 1981
|
| 080 |
|
|
|a 681.32:630*9(075.4)
|2 1981
|
| 100 |
1 |
|
|a Fabrika, Marek,
|d 1971-
|4 aut
|9 11861
|
| 245 |
1 |
0 |
|a Vybrané state z aplikovanej informatiky v hospodárskej úprave lesov
|b učebná príručka
|c Marek Fabrika
|
| 260 |
|
|
|a Vo Zvolene
|b Technická univerzita
|c 1999
|
| 300 |
|
|
|a 67 s.
|b sch.
|c 30 cm
|
| 500 |
|
|
|a 100 výt.
|
| 504 |
|
|
|a Bibliogr. s. 64-67
|
| 650 |
0 |
7 |
|a lesy
|x úprava hospodárska
|x informatika aplikovaná
|x texty učebné
|2 SNK
|9 524019
|
| 650 |
0 |
7 |
|a informatika
|x lesy
|x úprava hospodárska
|x texty učebné
|2 SNK
|9 524020
|
| 655 |
|
7 |
|a učebnice vysokých škôl
|2 SNKPH
|9 70191
|
| 752 |
|
|
|d Zvolen
|
| 919 |
|
|
|a 80-228-0825-3
|
| 958 |
|
|
|a TL
|
| 958 |
|
|
|a UV
|
| 958 |
|
|
|a NB
|
| 999 |
|
|
|c 808784
|d 810714
|
| 952 |
|
|
|t P60, <03>, [BOOK], {603}
|a SNK
|b SNK
|y PREZ
|7 0
|p 17A0216463
|o snkSB 61083
|i snkKSP 11014/99
|0 0
|1 0
|4 0
|d 1999-11-10
|f 1
|l 0
|r 2025-04-11 00:00:00
|w 2026-02-24
|
| 952 |
|
|
|t P60, <04>, [BOOK], {604}
|a SNK
|b SNK
|y VYP
|7 0
|p 17A0216464
|o snkSB 61083 D1
|i snkKSP 11015/99
|0 0
|1 0
|4 0
|d 1999-11-10
|l 0
|r 2005-01-02 00:00:00
|w 2026-02-24
|